<?xml version="1.0" encoding="UTF-8"?>
<record
    xmlns:xsi="http://www.w3.org/2001/XMLSchema-instance"
    xsi:schemaLocation="http://www.loc.gov/MARC21/slim http://www.loc.gov/standards/marcxml/schema/MARC21slim.xsd"
    xmlns="http://www.loc.gov/MARC21/slim">

  <leader>01306nam a2200217Ia 4500</leader>
  <datafield tag="952" ind1=" " ind2=" ">
    <subfield code="0">0</subfield>
    <subfield code="1">0</subfield>
    <subfield code="4">0</subfield>
    <subfield code="7">0</subfield>
    <subfield code="a">04</subfield>
    <subfield code="b">04</subfield>
    <subfield code="d">2011-08-31</subfield>
    <subfield code="l">8</subfield>
    <subfield code="o">LB3051  T4718 1999</subfield>
    <subfield code="p">04 003547</subfield>
    <subfield code="r">2017-06-02</subfield>
    <subfield code="s">2017-06-02</subfield>
    <subfield code="t">1</subfield>
    <subfield code="w">2012-06-24</subfield>
    <subfield code="y">LB</subfield>
  </datafield>
  <datafield tag="999" ind1=" " ind2=" ">
    <subfield code="c">62893</subfield>
    <subfield code="d">62893</subfield>
  </datafield>
  <controlfield tag="008">120625s1999    sp            000 0 spa d</controlfield>
  <datafield tag="020" ind1=" " ind2=" ">
    <subfield code="a">842770464X</subfield>
  </datafield>
  <datafield tag="050" ind1=" " ind2="4">
    <subfield code="a">LB3051  </subfield>
    <subfield code="b">T4718 1999</subfield>
  </datafield>
  <datafield tag="100" ind1="1" ind2=" ">
    <subfield code="a">Tenbrink, Terry D</subfield>
    <subfield code="e">, autor</subfield>
  </datafield>
  <datafield tag="245" ind1="1" ind2="0">
    <subfield code="a">Evaluaci&#xF3;n </subfield>
    <subfield code="b">: gu&#xED;a pr&#xE1;ctica para profesores</subfield>
    <subfield code="c"> / Terry D. Tenbrink ; tr. Carmen Fern&#xE1;ndez Aguinaco</subfield>
  </datafield>
  <datafield tag="250" ind1=" " ind2=" ">
    <subfield code="a">5a. edici&#xF3;n</subfield>
  </datafield>
  <datafield tag="260" ind1=" " ind2=" ">
    <subfield code="a">Espa&#xF1;a </subfield>
    <subfield code="a"> : Madrid </subfield>
    <subfield code="b"> : Narcea</subfield>
    <subfield code="c"> , 1999</subfield>
  </datafield>
  <datafield tag="300" ind1=" " ind2=" ">
    <subfield code="a">460 p&#xE1;ginas</subfield>
    <subfield code="c">; 24 cm.</subfield>
  </datafield>
  <datafield tag="500" ind1=" " ind2=" ">
    <subfield code="a">Traducci&#xF3;n de: Evaluation: a practical guide for teachers.</subfield>
  </datafield>
  <datafield tag="505" ind1=" " ind2=" ">
    <subfield code="a">Conceptos - proceso de evaluaci&#xF3;n
Pasos del proceso de evaluaci&#xF3;n
Obtener, analizar y registrar la informaci&#xF3;n
Formular juicios
Tomar decisiones
Resumir y dar a conocer los resultados de la evaluaci&#xF3;n 
Procedimientos para construir o seleccionar instrumentos espec&#xED;ficos de recogida informaci&#xF3;n
Elaborar cuestionarios, planes de entrevistas e instrumentos sociometricos
Dise&#xF1;ar proyectos y tareas
Construcci&#xF3;n de tests por el profesor 
Selecci&#xF3;n de tests estandarizados </subfield>
  </datafield>
  <datafield tag="519" ind1=" " ind2=" ">
    <subfield code="a">Plan Flexible /</subfield>
    <subfield code="b">Pedagog&#xED;a / </subfield>
    <subfield code="c">Sistemas de evaluaci&#xF3;n educativa (P19)</subfield>
    <subfield code="d">(04 003547)</subfield>
  </datafield>
  <datafield tag="650" ind1=" " ind2="0">
    <subfield code="a">EDUCACI&#xD3;N </subfield>
    <subfield code="x">PRUEBAS Y MEDICI&#xD3;N</subfield>
  </datafield>
  <datafield tag="650" ind1=" " ind2="0">
    <subfield code="a">EX&#xC1;MENES</subfield>
    <subfield code="x">DISE&#xD1;O Y CONSTRUCCI&#xD3;N</subfield>
  </datafield>
  <datafield tag="700" ind1=" " ind2=" ">
    <subfield code="a">Fern&#xE1;ndez Aguinaco, Carmen</subfield>
    <subfield code="e">traductor</subfield>
  </datafield>
  <datafield tag="942" ind1=" " ind2=" ">
    <subfield code="c">LB</subfield>
  </datafield>
</record>
